| 000 | 00396nam a2200193Ia 4500 | ||
|---|---|---|---|
| 008 | 210210b1947 xxu||||| |||| 00| 0 eng d | ||
| 041 | _aeng | ||
| 082 | _a520/208 | ||
| 100 | _a- | ||
| 245 | _aSky sets II: the stars | ||
| 260 |
_aCambridge _b- _c1947 |
||
| 300 | _a24 | ||
| 650 | _astars | ||
| 650 | _aSky | ||
| 650 | _asets | ||
| 650 | _aII: | ||
| 690 | _aAstronomy | ||
| 906 | _a008193 | ||
| 999 |
_c126079 _d126079 |
||